Statistiques concernant Culture Générale - Série 1412

Cliquez ici pour prendre le quiz!

Statistiques générales

  • Ce quiz a été pris 73 fois
  • Le résultat moyen est 6 sur 10

Statistiques - réponses

Question Réponse % Correct
Selon la chanson de Baloo dans "Le Livre de la jungle" de Disney: "il en faut peu pour être...heureux
100%
Quel pays a pour capitale Katmandou ?Népal
88%
Quel nom porte le logiciel de traitement de texte mis au point par Microsoft ?Word
84%
Quelle est la race du chien de l'inspecteur Columbo ?basset
54%
Combien y a-t-il de cartes dans un jeu de tarot ?78
54%
À quel réalisateur français doit-on "Le Corniaud" et "La Grande Vadrouille" ?Gérard Oury
52%
Dans la série "Friends", comment s'appelle le café où se réunissent les personnages ?Central Perk
39%
Dans quel sport le Turc Naïm Suleymanoglu a-t-il été trois fois champion olympique ?haltérophilie
39%
À quel réalisateur français doit-on le film "Banzaï" ?Claude Zidi
34%
Comment est également appelée la « Transat Jacques Vabre » ?Route du café
15%

Distribution des résultats

Percentile par nombre de réponses

% des personnes avec chaque résultat

Votre développement - résultats

Vous n’avez pas pris ce quiz